000 00983nas a2200301 4500
001 BR8303629
003 BR-BrBNA
005 20231205085613.0
007 ta
008 230509b bl.|||p| |||| 00| 00por d
040 _aBR-BrBNA
_bpor
_cBiblioteca Nacional de Agricultura
041 _a(Pt)
072 _aF30
100 1 _aPires, C.L. da S.
100 1 _aBarbin, D.
100 1 _aGurfinkel, J.
100 1 _aMarcondes, M.A.P.
111 1 _a4. Congresso Florestal Brasileiro
_cBelo Horizonte, MG (Brazil)
_d10-15 May 1982
245 1 _aTeste de progenie de Araucaria angustifolia (Bert.)O.K. em Campos de Jordao [pinheiro-do-parana, Sao Paulo, Brasil]
650 _aPINHEIRO-DO-PARANA
650 _aTESTE DE PROGENIE
650 _aSEMENTE
650 _aCAMPOS DE JORDAO
650 _aSAO PAULO
773 0 _tSilvicultura (Brazil)
_xISSN 0100-3615
_g(Jan-Feb 1983), v. 8(28) p. 437-439
_wBR8303629
909 _a202311
_bLúcia
_c55
_dLúcia Elande
942 _2AGRIS
_n0
_cANA
999 _c112501
_d112501